000 00848nam a2200277Ia 4500
003 OSt
005 20220928125144.0
006 a|||||r|||| 00| 0
007 ta
008 220927b |||||||| |||| 00| 0 eng d
020 _c299
024 _a100187
037 _b46, 06/10/2009, Better Book Service
_cTextual
040 _aSDCL
_cSDCL
_beng
041 _2eng
_aeng
082 _aX:8N1, P9
100 _aDisanza James R
_9468349
245 0 _aBusiness and professional communication
_b Plans,processes and performance. Ed 4
250 _a4
260 _aDelhi
_bPearson Education
_c2009
300 _axvii,301p
_ccm.
650 _aCommerce
_9353036
700 _a Legge Nancy J
_9468350
942 _hX:8N1, P9
_cTEXL
_2CC
999 _c781188
_d781188